Los que están peligro /

Hazel Bannock es la dueña de Bannock Oil Corporation, uno de los más grandes productores de petróleo del mundo. Mientras cierra negocios con mandatarios árabes, un grupo de piratas somalíes secuestra un yate de su propiedad con su hija Cayla, de diecinueve años, a bordo. El mayor Héctor Cross fue un...

Descripción completa

Guardado en:
Autor Principal: Smith, Wilbur.
Otros Autores: Sierra, Julio; trad.
Formato: Libro
Idioma:Undetermined
Publicado: Buenos Aires : Emecé, 2014.
Edición:4a ed.
Series:Grandes novelistas
Materias:
Etiquetas: Agregar Etiqueta
Sin Etiquetas, Sea el primero en etiquetar este registro!
LEADER 01611nam a22002175a 4500
001 CEM.cems024997
008 251125s2014####ag############000#0#und#d
005 20251125180658.0
245 1 0 |a Los que están peligro /  |c Wilbur Smith ; traducción Julio Sierra. 
250 |a 4a ed. 
260 |a Buenos Aires :  |b Emecé,  |c 2014. 
300 |a 352 p. 
490 1 |a Grandes novelistas 
520 |a Hazel Bannock es la dueña de Bannock Oil Corporation, uno de los más grandes productores de petróleo del mundo. Mientras cierra negocios con mandatarios árabes, un grupo de piratas somalíes secuestra un yate de su propiedad con su hija Cayla, de diecinueve años, a bordo. El mayor Héctor Cross fue un oficial de las Fuerzas Aéreas Especiales de Gran Bretaña y ahora es el hombre a la cabeza de Cross Bow Security, la empresa contratada por Bannock Oil para ocuparse de la seguridad de la petrolera. Su lealtad a la familia Bannock va más allá del deber. Los piratas exigen una suma imposible para el rescate de Cayla, pero una compleja red diplomática y política hace que resulte imposible la intervención de las superpotencias. Ante las crecientes pruebas de la horrible totura a las que Cayla está siendo sometida, Hazel recurre a Cross para que lo ayude a rescatar a su hija. Entre ambos, están decididos a tomar la ley en sus propias manos... 
020 |a 9789500433839 
100 1 |a Smith, Wilbur. 
700 1 |a Sierra, Julio; trad. 
653 |a Literatura estadounidense 
653 |a Novela estadounidense 
653 |a Literatura EEUU 
859 |a CEMS  |b BIB. CEMS - 11 de abril  |h 813.4  |i Sm511  |p 30499.25  |t Ej.1